Validación de un proceso de soldadura plasma para formar una unión cable-resorte de un dispositivo médico de la división cardiovascular

Αποθηκεύτηκε σε:
Λεπτομέρειες βιβλιογραφικής εγγραφής
Κύριος συγγραφέας: Méndez Rojas, Giovanni Manuel, 1990-
Άλλοι συγγραφείς: Richmond Salazar Esteban, 1979- Director del TFG
Μορφή: Βιβλίο
Γλώσσα:Spanish
Έκδοση: [San José], Costa Rica 2021.
Θέματα:
Ετικέτες: Προσθήκη ετικέτας
Δεν υπάρχουν, Καταχωρήστε ετικέτα πρώτοι!

MARC

LEADER 00000nam a2200000Ia 4500
003 013537
005 20230508091519.0
008 140114s2021 cr a 000 ||spa d
040 |c cru CEDI 
100 |a Méndez Rojas, Giovanni Manuel, 1990-  |9 352 
245 |a Validación de un proceso de soldadura plasma para formar una unión cable-resorte de un dispositivo médico de la división cardiovascular  
260 |a  [San José], Costa Rica  |c 2021. 
500 |a  Práctica dirigida (licenciatura en ingeniería química)--Universidad de Costa Rica. Facultad de Ingeniería. Escuela de Ingeniería Química 
501 |a Directora de Práctica Dirigida: M.Sc. Paula Solano Sánchez 
650 |x CABLES GUIAS   |x SOLDADURA   |x VALIDACION   |x CARDIOLOGIA - APARATOS E INSTRUMENTOS - FABRICACION   |x UNIONES SOLDADAS 
700 |a Richmond Salazar Esteban, 1979-  |d Director del TFG   |9 22 
942 |c CEDI  |h TFG 8688  |6 TFG_8688_000000000000000 
999 |c 22040  |d 22040